Southville International School and Colleges
Your cart is empty.
  • Cart
  • Lists
    Public lists Eva Luna New books Lux_list list_1
    Your lists Log in to create your own lists
  • Log in to your account
  • Your cookies
  • Search history
Southville International School and Colleges
  • Advanced search
  • Recent comments
  • Most popular
  • Libraries

Log in to your account

Log in with GOOGLE


If you do not have an external account, but do have a local account, you can still log in:

  1. Home
  2. MARC view: Managing your boss /
Normal view MARC view ISBD view

Managing your boss / (Record no. 23411)

[ view plain ]
MARC details
000 -LEADER
fixed length control field 00669nam a2200241 a 4500
005 - DATE AND TIME OF LATEST TRANSACTION
control field 20140310183451.0
008 - FIXED-LENGTH DATA ELEMENTS--GENERAL INFORMATION
fixed length control field 090119s19uu xx 00 eng d
020 ## - INTERNATIONAL STANDARD BOOK NUMBER
International Standard Book Number 9781422122884
050 ## - LIBRARY OF CONGRESS CALL NUMBER
Classification number HF 5548.83
Item number .G33 2008
100 ## - MAIN ENTRY--PERSONAL NAME
Personal name Gabarro, John J.
245 ## - TITLE STATEMENT
Title Managing your boss /
Statement of responsibility, etc John J. Gabarro
260 ## - PUBLICATION, DISTRIBUTION, ETC. (IMPRINT)
Place of publication, distribution, etc Boston, MA :
Name of publisher, distributor, etc Harvard Business Press,
Date of publication, distribution, etc 2008.
300 ## - PHYSICAL DESCRIPTION
Extent 55 p. :
Other physical details 17 cm.
440 ## - SERIES STATEMENT/ADDED ENTRY--TITLE
Title Harvard Business Review Classics
521 ## - TARGET AUDIENCE NOTE
Target audience note
650 ## - SUBJECT ADDED ENTRY--TOPICAL TERM
Topical term or geographic name as entry element BSBA.
650 ## - SUBJECT ADDED ENTRY--TOPICAL TERM
Topical term or geographic name as entry element Managing your boss.
650 ## - SUBJECT ADDED ENTRY--TOPICAL TERM
Topical term or geographic name as entry element Interpersonal relations.
650 ## - SUBJECT ADDED ENTRY--TOPICAL TERM
Topical term or geographic name as entry element Self-evaluation.
700 ## - ADDED ENTRY--PERSONAL NAME
Personal name Kotter, John
942 ## - ADDED ENTRY ELEMENTS (KOHA)
Koha item type Books
Source of classification or shelving scheme Library of Congress Classification
Call number prefix Foreign
Holdings
Withdrawn status Lost status Source of classification or shelving scheme Damaged status Home library Current library Shelving location Date acquired Source of acquisition Total Checkouts Full call number Barcode Date last seen Copy number Price effective from Koha item type
    Library of Congress Classification   College Library College Library General Circulation Section 01/19/2009 Donation   HF 5548.83 .G33 2008 C10089 04/22/2017 1 10/18/2013 Books

Managing your boss /

APA

Gabarro J. J., Kotter J., . (2008). Managing your boss. Boston, MA: Harvard Business Press.

Chicago

Gabarro John J, Kotter John, . 2008. Managing your boss. Boston, MA: Harvard Business Press.

Harvard

Gabarro J. J., Kotter J., . (2008). Managing your boss. Boston, MA: Harvard Business Press.

MLA

Gabarro John J, Kotter John, . Managing your boss. Boston, MA: Harvard Business Press. 2008.

  • Place hold
  • Print
  • Cite
  • Add to your cart (remove)
  • Save record
    BIBTEX Dublin Core MARCXML MARC (non-Unicode/MARC-8) MARC (Unicode/UTF-8) MARC (Unicode/UTF-8, Standard) MODS (XML) RIS
  • More searches
    Search for this title in:
    Other Libraries (WorldCat) Other Databases (Google Scholar) Online Stores (Bookfinder.com) Open Library (openlibrary.org)

Exporting to Dublin Core...

SOUTHVILLE LIBRARY

Southville International School and Colleges Library

1281 Tropical Ave. Cor. Luxembourg St., BF Homes International, Las Pinas City

Tel. No. 8256374 / 252358 Loc. 117/146

Powered by Koha